| 000 | 00750 a2200241 4500 | ||
|---|---|---|---|
| 999 |
_c4225 _d4225 |
||
| 010 | _aENG-86202 | ||
| 020 |
_a0070635951 _c275.00 |
||
| 020 | _a9780070635951 | ||
| 035 | _aEN-69735 | ||
| 037 | _bD.B.Act / Pub | ||
| 082 | 1 | 4 | _a500 |
| 100 | 1 | _aMalhotra, Stalin | |
| 245 | 1 |
_aQuestion bank in science : _cby Stalin Malhotra, Prem Dhawan and Satish Arora _bfor class IX / |
|
| 250 | _a4th ed. | ||
| 260 |
_aNew Delhi _bTata McGraw-Hill Publishing _cc2007 |
||
| 270 |
_a7, West Patel Nagar _bNew Delhi _cDelhi _e110008 |
||
| 300 |
_axii, 291 p. _c24 cm. (Pbk) |
||
| 490 | _aTata McGraw-Hill's question bank series | ||
| 650 | 0 | _aScience | |
| 700 | _aArora, Satish | ||
| 700 | _aDhawan, Prem | ||
| 942 |
_adpl _cEN _2ddc _h500 _mMAL |
||